Teoría y crítica de la incidencia jurídica /

Bibliographic Details
Main Author: Araújo, Clarice von Oertzen de, 1969- (Author)
Other Authors: Panez Solórzano, Juan Carlos (Translator)
Format: Electronic eBook
Language:Spanish
Published: Santiago, Chile : Ediciones Olejnik, [2022]
Series:Biblioteca de filosofía del derecho.
Subjects:
Online Access:Digitalia Hispánica

MARC

LEADER 00000nam a2200000Ii 4500
001 DIGOLEJNK1143
003 NyNyDIG
006 m o d
007 cr |||||||||||
008 230106s2022 cl ob 000 0 spa d
035 |a (OCoLC)1367361546 
040 |a DGITA  |b eng  |e rda  |e pn  |c DGITA 
020 |z 9789563923926 
050 1 4 |a K230.V66 ebook 
100 1 |a Araújo, Clarice von Oertzen de,  |d 1969-  |e author. 
245 1 0 |a Teoría y crítica de la incidencia jurídica /  |c Clarice Von Oertzen de Araujo ; traducción de Juan Carlos Panez Solórzano. 
264 1 |a Santiago, Chile :  |b Ediciones Olejnik,  |c [2022] 
300 |a 1 online resource. 
336 |a text  |b txt  |2 rdacontent 
337 |a computer  |b c  |2 rdamedia 
338 |a online resource  |b cr  |2 rdacarrier 
347 |a text file  |2 rdaft 
347 |b PDF 
490 1 |a Biblioteca de filosofía del derecho 
504 |a Includes bibliographical references. 
588 0 |a Online resource; title from ePub title page (Digitalia, viewed January 6, 2023) 
650 0 |a Law  |x Philosophy. 
700 1 |a Panez Solórzano, Juan Carlos,  |e translator. 
791 2 |a Digitalia (Firm),  |e distributor. 
793 0 |g Digitalia eBook Collection:  |a Ediciones Olejnik 
776 0 8 |i Print version:  |a Araújo, Clarice von Oertzen de, 1969-  |t Teoría y crítica de la incidencia jurídica.  |d Santiago, Chile : Ediciones Olejnik, 2022  |z 9789563923926 
830 0 |a Biblioteca de filosofía del derecho. 
856 4 0 |3 Digitalia Hispánica  |u https://www.digitaliapublishing.com/a/104537/ 
910 |a Premium collection: 2023